Investigation of Specific Cutting Energy at low speed turning of A1 6061 T6 (Record no. 526431)

000 -LEADER
fixed length control field 00593nam a22001817a 4500
003 - CONTROL NUMBER IDENTIFIER
control field NUST
038 ## - RECORD CONTENT LICENSOR
Staff Name Mr. Zahoor
082 ## - DEWEY DECIMAL CLASSIFICATION NUMBER
Classification number 670.5
100 ## - MAIN ENTRY--PERSONAL NAME
Personal name Ali, Mohsin
9 (RLIN) 17433
245 ## - TITLE STATEMENT
Title Investigation of Specific Cutting Energy at low speed turning of A1 6061 T6
Statement of responsibility, etc. Mohsin Ali
260 ## - PUBLICATION, DISTRIBUTION, ETC.
Place of publication, distribution, etc. Islamabad :
Name of publisher, distributor, etc. SMME - NUST,
Date of publication, distribution, etc. 2019.
300 ## - PHYSICAL DESCRIPTION
Extent iv, 29 p. : ill. ;
Dimensions 30cm.
500 ## - GENERAL NOTE
General note Hardcover.
650 ## - SUBJECT ADDED ENTRY--TOPICAL TERM
Topical term or geographic name entry element Design and Manufacturing Engineering - MS Thesis
9 (RLIN) 16133
700 ## - ADDED ENTRY--PERSONAL NAME
Personal name Dr. Syed Hussain Imran
9 (RLIN) 17434
856 ## - ELECTRONIC LOCATION AND ACCESS
Uniform Resource Identifier <a href="http://10.250.8.41:8080/xmlui/handle/123456789/12454">http://10.250.8.41:8080/xmlui/handle/123456789/12454</a>
942 ## - ADDED ENTRY ELEMENTS (KOHA)
Source of classification or shelving scheme
Koha item type Thesis
Holdings
Withdrawn status Lost status Source of classification or shelving scheme Damaged status Not for loan Permanent Location Current Location Shelving location Date acquired Full call number Barcode Date last seen Price effective from Koha item type
          Central Library (CL) Central Library (CL) Thesis 07/12/2019 670.5 CL-T-2413 07/14/2019 07/12/2019 Thesis
© 2023 Central Library, National University of Sciences and Technology. All Rights Reserved.